Vplyv hospodárskej krízy na trh práce SR
Vplyv hospodárskej krízy na vývoj zamestnanosti v SR. Vplyv hospodárskej krízy na vývoj miery nezamestnanosti v SR. Vplyv hospodárskej recesie na mzdy. Opatrenia aktívnej politiky trhu práce v období hospodárskej recesie.
Gespeichert in:
| 1. Verfasser: | |
|---|---|
| Format: | Buchkapitel |
| Sprache: | Slowakisch |
| Schlagworte: | |
| Tags: |
Keine Tags, Fügen Sie das erste Tag hinzu!
|
MARC
| LEADER | 00000nla a2200000 4500 | ||
|---|---|---|---|
| 001 | 0186755 | ||
| 005 | 20240502073205.8 | ||
| 041 | 0 | |a slo | |
| 044 | |a SK | ||
| 245 | 1 | 0 | |a Vplyv hospodárskej krízy na trh práce SR |c Zuzana Brinčíková |
| 520 | |a Vplyv hospodárskej krízy na vývoj zamestnanosti v SR. Vplyv hospodárskej krízy na vývoj miery nezamestnanosti v SR. Vplyv hospodárskej recesie na mzdy. Opatrenia aktívnej politiky trhu práce v období hospodárskej recesie. | ||
| 610 | 2 | 0 | |a kríza |
| 610 | 2 | 0 | |a recesia |
| 610 | 2 | 0 | |a zamestnanosť |
| 610 | 2 | 0 | |a miera nezamestnanosti |
| 610 | 2 | 0 | |a mzdy |
| 610 | 2 | 0 | |a mzdy mesačné |
| 610 | 2 | 0 | |a mzdy nominálne |
| 610 | 2 | 0 | |a mzdy reálne |
| 610 | 2 | 0 | |a Slovensko |
| 100 | 1 | |a Brinčíková, Zuzana, 1979- | |